[Event "Nordic-chT Scholastic 2019"]
[Site "Stockholm"]
[Date "2019.09.07"]
[Round "4.9"]
[White "Falkevall, Axel"]
[Black "Burgaard, Kristian Gade"]
[Result "1-0"]
[WhiteElo "2000"]
[BlackElo "1586"]
[Annotator "NA"]
[PlyCount "89"]
[EventDate "2019.09.05"]
[EventType "team-tourn"]
[EventCountry "SWE"]
[SourceTitle "playchess.com"]
[Source "ChessBase"]
[SourceQuality "1"]
[TimeControl "5400+30"]

1. e4 {[%emt 0:00:00]} c5 {[%emt 0:00:00]} 2. c3 {[%emt 0:00:00]} Nf6 {[%emt 0:00:00]} 3. e5 {[%emt 0:00:00]} Nd5 {[%emt 0:00:00]} 4. d4 {[%emt 0:00:00]} cxd4 {[%emt 0:00:10]} 5. Nf3 {[%emt 0:00:00]} Nc6 {[%emt 0:00:23]} 6. cxd4 {[%emt 0:00:00]} (6. Bc4 $5 {[%cal Rc4d5]} Nb6 7. Bb3 $11) 6... g6 {[%emt 0:02:45]} (6... d6 $11) 7. Bc4 {[%emt 0:06:58]} Nb6 {[%emt 0:00:36]} 8. Bb3 {[%emt 0:01:46]} Bg7 {[%emt 0:02:27]} 9. O-O {[%emt 0:03:10]} d6 {[%emt 0:01:35]} 10. Qe2 {[%emt 0:06:21]} O-O {[%emt 0:03:05]} 11. h3 {[%emt 0:04:22]} Bf5 {[%emt 0:06:17]} 12. Rd1 {[%emt 0:06:13]} Qc7 {[%emt 0:05:36]} 13. Bf4 {[%emt 0:05:11]} dxe5 {[%emt 0:05:05]} 14. dxe5 {[%emt 0:03:24]} Rad8 {[%emt 0:07:33]} 15. Rxd8 {[%emt 0:04:01]} Rxd8 {[%emt 0:03:41]} 16. Bxf7+ {[%emt 0:03:36]} Kh8 {[%emt 0:07:33]} 17. Bb3 {[%emt 0:06:58]} Nd4 $16 {[%emt 0:08:49]} 18. Nxd4 {[%emt 0:07:39]} Rxd4 {[%emt 0:00:30]} 19. Be3 {[%emt 0:02:37]} Qxe5 {[%emt 0:09:19]} 20. Nc3 {[%emt 0:03:05]} Rd6 {[%emt 0:08:59]} 21. Qf3 {[%emt 0:04:48]} Rc6 {[%emt 0:08:35]} 22. Rd1 {[%emt 0:03:46]} Qc7 {[%emt 0:04:20]} 23. g4 {[%emt 0:06:14]} Be6 {[%emt 0:01:51]} 24. Nb5 {[%emt 0:03:12]} Qb8 {[%emt 0:00:58]} 25. Bf4 {[%emt 0:08:57]} Qf8 {[%emt 0:06:09]} 26. Be5 {[%emt 0:05:10]} Rc8 {[%emt 0:03:56]} 27. Qxf8+ {[%emt 0:00:19]} Rxf8 {[%emt 0:00:18]} 28. Bxg7+ {[%emt 0:00:11]} Kxg7 {[%emt 0:00:05]} 29. Bxe6 {[%emt 0:00:12]} Rf6 {[%emt 0:00:46]} 30. Bb3 {[%emt 0:00:26]} a6 {[%emt 0:00:49]} 31. Nc7 {[%emt 0:00:13]} Rc6 {[%emt 0:01:43]} 32. Nd5 {[%emt 0:00:27]} Nxd5 {[%emt 0:00:20]} 33. Rxd5 {[%emt 0:00:07]} Rc7 {[%emt 0:00:59]} 34. Kg2 {[%emt 0:00:48]} h6 {[%emt 0:00:29]} 35. Kf3 {[%emt 0:00:27]} Rc6 {[%emt 0:00:53]} 36. Rd7 {[%emt 0:00:16]} Rf6+ {[%emt 0:00:05]} 37. Kg2 {[%emt 0:00:07]} b5 {[%emt 0:00:29]} 38. Rxe7+ {[%emt 0:00:12]} Kf8 {[%emt 0:00:13]} 39. Re6 {[%emt 0:00:51]} Rxe6 {[%emt 0:00:39]} 40. Bxe6 {[%emt 0:00:08]} Ke7 {[%emt 0:00:05]} 41. Bc8 {[%emt 0:00:13]} a5 {[%emt 0:00:01]} 42. Ba6 {[%emt 0:00:17]} b4 {[%emt 0:00:11]} 43. Kf3 {[%emt 0:00:09]} g5 {[%emt 0:00:53]} 44. Ke4 {[%emt 0:00:05]} Ke6 {[%emt 0:00:02]} 45. Bc4+ {[%emt 0:00:11] Kd5+} 1-0

[Event "Nordic-chT Scholastic 2019"]
[Site "Stockholm"]
[Date "2019.09.07"]
[Round "4.10"]
[White "Heiberg, Clara"]
[Black "Grahn, Vidar"]
[Result "1-0"]
[WhiteElo "1483"]
[BlackElo "1962"]
[Annotator "NA"]
[PlyCount "55"]
[EventDate "2019.09.05"]
[EventType "team-tourn"]
[EventCountry "SWE"]
[SourceTitle "playchess.com"]
[Source "ChessBase"]
[SourceQuality "1"]
[TimeControl "5400+30"]

1. e4 {[%emt 0:00:00]} c5 {[%emt 0:00:00]} 2. Nf3 {[%emt 0:00:00]} Nc6 {[%emt 0:00:00]} 3. d4 {[%emt 0:00:00]} cxd4 {[%emt 0:00:00]} 4. Nxd4 {[%emt 0:00:00]} g6 {[%emt 0:00:00]} 5. c4 {[%emt 0:00:00]} Nf6 {[%emt 0:00:00]} 6. Nc3 {[%emt 0:00:13]} d6 {[%emt 0:00:01]} 7. Be3 {[%emt 0:00:21]} (7. Be2 $14) 7... Ng4 $1 {[%emt 0:00:04]} 8. Bg5 {[%emt 0:02:16] [#]} (8. Nxc6 $11 bxc6 9. Bc1) 8... Qb6 $1 {[%emt 0:00:21] Double Attack} 9. Be3 {[%emt 0:12:06]} Nxe3 {[%emt 0:02:54]} 10. fxe3 {[%emt 0:00:08]} Qxb2 {[%emt 0:11:14]} 11. Nd5 {[%emt 0:12:30]} Kd8 {[%emt 0:02:07]} 12. Rb1 $1 {[%emt 0:03:22]} Qa3 {[%emt 0:02:24]} 13. Qd2 {[%emt 0:01:36]} e6 {[%emt 0:09:21]} 14. Rb3 {[%emt 0:07:34]} Qa4 {[%emt 0:00:55]} 15. Nxc6+ {[%emt 0:15:42]} bxc6 {[%emt 0:01:25]} 16. Qb2 {[%emt 0:04:01]} e5 {[%emt 0:03:19]} 17. Ra3 $18 {[%emt 0:01:04]} Qxa3 {[%emt 0:02:21]} 18. Qxa3 {[%emt 0:00:11]} cxd5 {[%emt 0:00:12]} 19. Qa5+ {[%emt 0:02:55]} Ke8 {[%emt 0:00:29]} 20. cxd5 {[%emt 0:03:45]} Bd7 {[%emt 0:03:17]} 21. Bb5 {[%emt 0:01:37]} Bh6 {[%emt 0:00:59]} 22. Bxd7+ {[%emt 0:01:03]} Kxd7 {[%emt 0:00:09]} 23. Qb5+ {[%emt 0:02:49]} Ke7 {[%emt 0:01:13]} 24. Qb7+ {[%emt 0:00:59]} Kf6 {[%emt 0:00:07]} 25. Rf1+ {[%emt 0:00:42]} Kg5 {[%emt 0:00:16]} 26. Qe7+ {[%emt 0:00:20]} Kh5 {[%emt 0:00:18]} 27. Rf3 {[%emt 0:10:24]} Bg5 {[%emt 0:01:01]} 28. Rh3+ {[%emt 0:01:04]} 1-0

[Event "Nordic-chT Scholastic 2019"]
[Site "Stockholm"]
[Date "2019.09.08"]
[Round "5.1"]
[White "Stefansson, Vignir Vatnar"]
[Black "Bergan, Gaute"]
[Result "1-0"]
[WhiteElo "2316"]
[BlackElo "1862"]
[Annotator "NA"]
[PlyCount "67"]
[EventDate "2019.09.05"]
[EventType "team-tourn"]
[EventCountry "SWE"]
[SourceTitle "playchess.com"]
[Source "ChessBase"]
[SourceQuality "1"]
[TimeControl "5400+30"]

1. d4 {[%emt 0:00:00]} d5 {[%emt 0:00:00]} 2. c4 {[%emt 0:00:06]} c6 {[%emt 0:00:00]} 3. Nc3 {[%emt 0:00:12]} Nf6 {[%emt 0:00:23]} 4. cxd5 {[%emt 0:00:07]} cxd5 {[%emt 0:00:06]} 5. f3 {[%emt 0:00:06]} Nc6 {[%emt 0:03:46]} 6. e4 {[%emt 0:00:30]} dxe4 {[%emt 0:00:06]} 7. d5 {[%emt 0:00:08]} Ne5 {[%emt 0:00:25]} 8. fxe4 {[%emt 0:00:08]} g6 {[%emt 0:03:24]} 9. Bf4 {[%emt 0:02:30]} Nfd7 {[%emt 0:00:43]} 10. Nf3 {[%emt 0:04:47]} Bg7 {[%emt 0:00:49]} 11. Bb5 {[%emt 0:01:42]} O-O {[%emt 0:00:27]} 12. Bxd7 {[%emt 0:00:20]} Nxf3+ {[%emt 0:00:27]} 13. Qxf3 {[%emt 0:00:07]} Bxd7 {[%emt 0:00:09]} 14. e5 {[%emt 0:00:47]} Rc8 {[%emt 0:04:19]} 15. O-O {[%emt 0:01:01]} Qb6+ {[%emt 0:01:50]} 16. Rf2 {[%emt 0:00:45]} h6 {[%emt 0:01:38]} 17. Re1 {[%emt 0:03:36]} Bf5 {[%emt 0:07:52]} 18. h3 {[%emt 0:04:32]} Qa6 {[%emt 0:08:43]} 19. Qe3 {[%emt 0:01:19]} Kh7 {[%emt 0:00:33]} 20. g4 {[%emt 0:00:27]} Bd3 {[%emt 0:01:32]} 21. Rd1 {[%emt 0:01:29]} Bc4 {[%emt 0:01:26]} 22. b3 {[%emt 0:00:10]} Bb5 {[%emt 0:00:06]} 23. Ne4 {[%emt 0:01:03]} Qb6 {[%emt 0:03:53]} 24. a4 {[%emt 0:02:48]} Bd7 {[%emt 0:01:15]} 25. Qd3 {[%emt 0:01:36]} Qa6 {[%emt 0:05:27]} 26. Qg3 {[%emt 0:03:35]} f5 {[%emt 0:07:27]} 27. exf6 {[%emt 0:01:17]} exf6 {[%emt 0:00:08]} 28. Bd6 {[%emt 0:09:55]} Rf7 {[%emt 0:01:25]} 29. g5 {[%emt 0:01:35]} f5 {[%emt 0:04:30]} 30. gxh6 {[%emt 0:01:24]} Bxh6 {[%emt 0:00:46]} 31. Qh4 {[%emt 0:02:12]} Kg8 {[%emt 0:02:09]} 32. Qxh6 {[%emt 0:00:38]} fxe4 {[%emt 0:00:36]} 33. Rxf7 {[%emt 0:00:10]} Kxf7 {[%emt 0:00:05]} 34. Qh7+ {[%emt 0:00:07]} 1-0

[Event "Nordic-chT Scholastic 2019"]
[Site "Stockholm"]
[Date "2019.09.08"]
[Round "5.2"]
[White "Lazareva, Emilie"]
[Black "Briem, Stephan"]
[Result "0-1"]
[WhiteElo "1319"]
[BlackElo "2204"]
[Annotator "NA"]
[PlyCount "86"]
[EventDate "2019.09.05"]
[EventType "team-tourn"]
[EventCountry "SWE"]
[SourceTitle "playchess.com"]
[Source "ChessBase"]
[SourceQuality "1"]
[TimeControl "5400+30"]

1. e4 {[%emt 0:00:00]} d5 {[%emt 0:00:00]} 2. e5 {[%emt 0:01:33]} c5 {[%emt 0:00:13]} 3. c3 {[%emt 0:01:03]} Nc6 {[%emt 0:00:27]} 4. d4 {[%emt 0:00:39]} Bf5 {[%emt 0:00:52]} 5. a3 {[%emt 0:03:07]} e6 {[%emt 0:01:01]} 6. Nf3 {[%emt 0:01:13]} Qb6 {[%emt 0:01:02]} 7. Be2 {[%emt 0:03:12]} Nge7 {[%emt 0:05:48]} 8. O-O {[%emt 0:02:02]} cxd4 {[%emt 0:00:55]} 9. cxd4 {[%emt 0:03:08]} Be4 {[%emt 0:02:35]} 10. Qa4 {[%emt 0:04:27]} Nf5 {[%emt 0:01:50]} 11. Rd1 {[%emt 0:05:35]} Bxf3 {[%emt 0:01:53]} 12. Bxf3 {[%emt 0:00:40]} Nfxd4 {[%emt 0:00:14]} 13. Nd2 {[%emt 0:08:40]} Bc5 {[%emt 0:01:19]} 14. Rf1 {[%emt 0:01:37]} O-O {[%emt 0:00:51]} 15. b4 {[%emt 0:01:30]} Nxf3+ {[%emt 0:01:35]} 16. Nxf3 {[%emt 0:03:20]} Bd4 {[%emt 0:00:15]} 17. Rb1 {[%emt 0:03:37]} Nxe5 {[%emt 0:01:50]} 18. Nxe5 {[%emt 0:01:09]} Bxe5 {[%emt 0:00:07]} 19. Qb3 {[%emt 0:01:13]} Rac8 {[%emt 0:00:25]} 20. Bd2 {[%emt 0:02:18]} Rc4 {[%emt 0:00:09]} 21. Rfe1 {[%emt 0:03:18]} Bd4 {[%emt 0:02:19]} 22. Be3 {[%emt 0:01:49]} Rfc8 {[%emt 0:00:30]} 23. h3 {[%emt 0:02:22]} Rc3 {[%emt 0:00:45]} 24. Bxd4 {[%emt 0:00:53]} Qxd4 {[%emt 0:00:31]} 25. Qb2 {[%emt 0:01:39]} Qf4 {[%emt 0:00:52]} 26. Rbd1 {[%emt 0:03:19]} Rc2 {[%emt 0:01:35]} 27. Qd4 {[%emt 0:00:17]} Qxd4 {[%emt 0:00:06]} 28. Rxd4 {[%emt 0:00:21]} Rc1 {[%emt 0:00:07]} 29. Rdd1 {[%emt 0:00:53]} Rxd1 {[%emt 0:00:08]} 30. Rxd1 {[%emt 0:00:13]} Kf8 {[%emt 0:00:02]} 31. Kf1 {[%emt 0:00:49]} Ke7 {[%emt 0:00:05]} 32. g3 {[%emt 0:01:56]} Kd6 {[%emt 0:00:06]} 33. Re1 {[%emt 0:00:32]} e5 {[%emt 0:00:08]} 34. Kg2 {[%emt 0:02:18]} e4 {[%emt 0:00:07]} 35. Re2 {[%emt 0:00:52]} Rc3 {[%emt 0:00:09]} 36. Re3 {[%emt 0:01:06]} Rxe3 {[%emt 0:00:12]} 37. fxe3 {[%emt 0:00:09]} d4 {[%emt 0:00:08]} 38. exd4 {[%emt 0:01:01]} Kd5 {[%emt 0:00:04]} 39. Kf2 {[%emt 0:00:12]} Kxd4 {[%emt 0:00:03]} 40. Ke2 {[%emt 0:00:22]} b5 {[%emt 0:00:05]} 41. g4 {[%emt 0:00:38]} g5 {[%emt 0:00:04]} 42. Kd2 {[%emt 0:01:13]} e3+ {[%emt 0:00:04]} 43. Ke2 {[%emt 0:00:18]} Ke5 0-1

[Event "Nordic-chT Scholastic 2019"]
[Site "Stockholm"]
[Date "2019.09.08"]
[Round "5.3"]
[White "Heidarsson, Arnar Milutin"]
[Black "Buxrud, Fredrik Berg"]
[Result "1-0"]
[WhiteElo "1756"]
[BlackElo "1224"]
[Annotator "NA"]
[PlyCount "59"]
[EventDate "2019.09.05"]
[EventType "team-tourn"]
[EventCountry "SWE"]
[SourceTitle "playchess.com"]
[Source "ChessBase"]
[SourceQuality "1"]
[TimeControl "5400+30"]

1. d4 d5 {[%emt 0:00:00]} 2. Nc3 {[%emt 0:00:00]} Nf6 {[%emt 0:00:00]} 3. Bf4 {[%emt 0:00:00]} c6 {[%emt 0:00:27]} 4. e3 {[%emt 0:00:03]} Bf5 {[%emt 0:00:19]} 5. f3 {[%emt 0:00:16]} e6 {[%emt 0:00:50]} 6. g4 {[%emt 0:02:27]} Bg6 {[%emt 0:00:51]} 7. h4 {[%emt 0:00:43]} h6 {[%emt 0:00:16]} 8. h5 {[%emt 0:00:17]} Bh7 {[%emt 0:00:09]} 9. Bd3 {[%emt 0:00:17]} Bxd3 {[%emt 0:00:26]} 10. Qxd3 {[%emt 0:00:23]} Qb6 {[%emt 0:00:59]} 11. O-O-O {[%emt 0:00:23]} Nbd7 {[%emt 0:01:39]} 12. Nge2 {[%emt 0:04:30]} Rc8 {[%emt 0:03:03]} 13. e4 {[%emt 0:04:25]} dxe4 {[%emt 0:01:19]} 14. Nxe4 {[%emt 0:00:52]} c5 {[%emt 0:03:31]} 15. Nxf6+ {[%emt 0:08:28]} Nxf6 {[%emt 0:00:25]} 16. dxc5 {[%emt 0:06:44]} Qxc5 {[%emt 0:01:21]} 17. Be3 {[%emt 0:04:37]} Qc6 {[%emt 0:01:58]} 18. Nd4 {[%emt 0:01:09]} Qa4 {[%emt 0:02:52]} 19. Kb1 {[%emt 0:05:59]} Bc5 {[%emt 0:02:23]} 20. Nb3 {[%emt 0:12:55]} Bxe3 {[%emt 0:00:57]} 21. Qxe3 {[%emt 0:00:53]} Nd5 {[%emt 0:01:47]} 22. Rxd5 {[%emt 0:01:14]} O-O {[%emt 0:00:44]} 23. Rd2 {[%emt 0:00:11]} b6 {[%emt 0:05:58]} 24. g5 {[%emt 0:01:06]} hxg5 {[%emt 0:00:58]} 25. Qxg5 {[%emt 0:00:30]} f6 {[%emt 0:02:19]} 26. Qg6 {[%emt 0:00:54]} Qf4 {[%emt 0:00:48]} 27. Rd7 {[%emt 0:00:44]} Qh6 {[%emt 0:00:38]} 28. Qxh6 {[%emt 0:00:35]} gxh6 {[%emt 0:00:07]} 29. Rg1+ {[%emt 0:00:29]} Kh8 {[%emt 0:00:08]} 30. Rgg7 {[%emt 0:00:10]} 1-0

[Event "Nordic-chT Scholastic 2019"]
[Site "Stockholm"]
[Date "2019.09.08"]
[Round "5.5"]
[White "Skovgaard, Andreas"]
[Black "Ivarsson, Sebastian"]
[Result "0-1"]
[WhiteElo "1976"]
[BlackElo "1976"]
[Annotator "NA"]
[PlyCount "90"]
[EventDate "2019.09.05"]
[EventType "team-tourn"]
[EventCountry "SWE"]
[SourceTitle "playchess.com"]
[Source "ChessBase"]
[SourceQuality "1"]
[TimeControl "5400+30"]

1. d4 {[%emt 0:00:00]} Nf6 {[%emt 0:00:00]} 2. c4 {[%emt 0:00:00]} g6 {[%emt 0:00:25]} 3. Nc3 {[%emt 0:00:11]} Bg7 {[%emt 0:00:05]} 4. e4 {[%emt 0:00:18]} d6 {[%emt 0:00:10]} 5. f3 {[%emt 0:00:24]} O-O {[%emt 0:00:40]} 6. Be3 {[%emt 0:00:26]} c5 {[%emt 0:00:43]} 7. Nge2 {[%emt 0:01:15]} Nc6 {[%emt 0:02:07]} 8. d5 {[%emt 0:01:36]} Ne5 {[%emt 0:01:32]} 9. Ng3 {[%emt 0:01:18]} h5 {[%emt 0:06:30]} 10. Bd3 {[%emt 0:01:26]} e6 {[%emt 0:02:01]} 11. Bg5 {[%emt 0:13:14]} Qb6 {[%emt 0:05:56]} 12. O-O {[%emt 0:02:26]} Nh7 {[%emt 0:09:03]} 13. Be3 {[%emt 0:04:37]} a6 {[%emt 0:07:38]} 14. Rb1 {[%emt 0:01:28]} Qc7 {[%emt 0:04:16]} 15. h3 {[%emt 0:12:43]} Nf6 {[%emt 0:16:23]} 16. Be2 {[%emt 0:03:18]} exd5 {[%emt 0:02:18]} 17. exd5 {[%emt 0:01:06]} Re8 {[%emt 0:04:41]} 18. Bg5 {[%emt 0:07:54]} Nh7 {[%emt 0:05:11]} 19. Bf4 {[%emt 0:01:26]} h4 {[%emt 0:05:03]} 20. Nge4 {[%emt 0:03:03]} f5 {[%emt 0:00:47]} 21. Nf2 {[%emt 0:02:17]} g5 {[%emt 0:01:23]} 22. Bd2 {[%emt 0:01:32]} Ng6 {[%emt 0:02:31]} 23. Bd3 {[%emt 0:03:56]} Bd4 {[%emt 0:01:27]} 24. Qc2 {[%emt 0:01:37]} Qf7 {[%emt 0:00:58]} 25. Kh1 {[%emt 0:01:06]} Ne5 {[%emt 0:03:26]} 26. Rbe1 {[%emt 0:02:09]} Bd7 {[%emt 0:01:47]} 27. Ng4 {[%emt 0:07:39]} fxg4 {[%emt 0:04:20]} 28. fxg4 {[%emt 0:00:26]} Qg7 {[%emt 0:00:18]} 29. Bxh7+ {[%emt 0:01:05]} Qxh7 {[%emt 0:00:06]} 30. Qxh7+ {[%emt 0:00:34]} Kxh7 {[%emt 0:00:03]} 31. Rxe5 {[%emt 0:02:12]} Bxe5 {[%emt 0:01:21]} 32. Rf7+ {[%emt 0:01:48]} Kg6 {[%emt 0:01:22]} 33. Rxd7 {[%emt 0:00:13]} Rf8 {[%emt 0:00:29]} 34. Be3 {[%emt 0:00:35]} Rf1+ {[%emt 0:00:18]} 35. Bg1 {[%emt 0:00:07]} Bd4 {[%emt 0:01:00]} 36. Rxd6+ {[%emt 0:00:50]} Kf7 {[%emt 0:00:07]} 37. Ne2 {[%emt 0:01:35]} Re8 {[%emt 0:00:30]} 38. Re6 {[%emt 0:01:38]} Rxe6 {[%emt 0:00:32]} 39. dxe6+ {[%emt 0:00:05]} Kxe6 {[%emt 0:00:04]} 40. Kh2 {[%emt 0:00:23]} Be5+ {[%emt 0:01:34]} 41. g3 {[%emt 0:00:51]} Re1 {[%emt 0:00:43]} 42. Nc3 {[%emt 0:00:34]} Bxc3 {[%emt 0:00:23]} 43. bxc3 {[%emt 0:00:03]} Re2+ {[%emt 0:00:05]} 44. Kh1 {[%emt 0:00:05]} hxg3 {[%emt 0:00:11]} 45. Bxc5 {[%emt 0:00:39]} Rxa2 {[%emt 0:00:14]} 0-1

[Event "Nordic-chT Scholastic 2019"]
[Site "Stockholm"]
[Date "2019.09.08"]
[Round "5.6"]
[White "Dingertz, Erik"]
[Black "Skovgaard, Emil"]
[Result "1-0"]
[WhiteElo "1896"]
[BlackElo "1729"]
[Annotator "NA"]
[PlyCount "115"]
[EventDate "2019.09.05"]
[EventType "team-tourn"]
[EventCountry "SWE"]
[SourceTitle "playchess.com"]
[Source "ChessBase"]
[SourceQuality "1"]
[TimeControl "5400+30"]

1. c4 e5 {[%emt 0:00:00]} 2. Nc3 {[%emt 0:00:21]} Nf6 {[%emt 0:00:22]} 3. g3 {[%emt 0:00:30]} Nc6 {[%emt 0:00:30]} 4. Bg2 {[%emt 0:00:30]} Bb4 {[%emt 0:00:30]} 5. d3 {[%emt 0:00:30]} O-O {[%emt 0:00:30]} 6. Bd2 {[%emt 0:00:30]} Bxc3 {[%emt 0:00:30]} 7. Bxc3 {[%emt 0:00:30]} d5 {[%emt 0:00:30]} 8. cxd5 {[%emt 0:00:30]} Nxd5 {[%emt 0:00:30]} 9. Nf3 {[%emt 0:00:30]} Nxc3 {[%emt 0:00:30]} 10. bxc3 {[%emt 0:00:30]} Be6 {[%emt 0:00:30]} 11. O-O {[%emt 0:00:30]} f6 {[%emt 0:00:30]} 12. Rb1 {[%emt 0:00:30]} Rb8 {[%emt 0:00:30]} 13. Qa4 {[%emt 0:00:30]} Qd7 {[%emt 0:00:30]} 14. Rfd1 {[%emt 0:00:30]} Qd8 {[%emt 0:38:49]} 15. Rf1 {[%emt 0:04:01]} Qd7 {[%emt 0:08:19]} 16. Rfd1 {[%emt 0:03:46]} Bh3 {[%emt 0:03:50]} 17. d4 {[%emt 0:02:09]} e4 {[%emt 0:05:39]} 18. Ne1 {[%emt 0:02:12]} Bxg2 {[%emt 0:04:07]} 19. Nxg2 {[%emt 0:00:09]} Rfd8 {[%emt 0:07:11]} 20. d5 {[%emt 0:01:58]} Ne7 {[%emt 0:01:25]} 21. Qxe4 {[%emt 0:00:47]} Nxd5 {[%emt 0:02:48]} 22. Nf4 {[%emt 0:01:47]} c6 {[%emt 0:03:42]} 23. c4 {[%emt 0:00:38]} Nc3 {[%emt 0:00:38]} 24. Rxd7 {[%emt 0:00:06]} Nxe4 {[%emt 0:00:02]} 25. Rxd8+ {[%emt 0:00:17]} Rxd8 {[%emt 0:00:10]} 26. Rxb7 {[%emt 0:00:13]} Nd6 {[%emt 0:04:44]} 27. Rxa7 {[%emt 0:01:13]} Nxc4 {[%emt 0:02:36]} 28. Ne6 {[%emt 0:00:09]} Rd1+ {[%emt 0:00:25]} 29. Kg2 {[%emt 0:00:05]} g6 {[%emt 0:00:16]} 30. Rg7+ {[%emt 0:00:07]} Kh8 {[%emt 0:00:06]} 31. Rc7 {[%emt 0:00:07]} h5 {[%emt 0:02:27]} 32. Rxc6 {[%emt 0:00:23]} Rc1 {[%emt 0:00:55]} 33. Rc8+ {[%emt 0:01:22]} Kh7 {[%emt 0:01:02]} 34. Rc7+ {[%emt 0:00:10]} Kh6 {[%emt 0:02:01]} 35. a4 {[%emt 0:00:15]} Rc2 {[%emt 0:00:30]} 36. a5 {[%emt 0:00:20]} Rxe2 {[%emt 0:01:26]} 37. Nd4 {[%emt 0:00:24]} Ne3+ {[%emt 0:02:07]} 38. Kf3 {[%emt 0:00:06]} Nd5 {[%emt 0:00:05]} 39. Rc5 {[%emt 0:01:42]} Re5 {[%emt 0:00:40]} 40. a6 {[%emt 0:00:23]} g5 {[%emt 0:00:55]} 41. a7 {[%emt 0:01:22]} g4+ {[%emt 0:01:02]} 42. Kg2 {[%emt 0:00:05]} Nb6 {[%emt 0:01:13]} 43. Rxe5 {[%emt 0:00:17]} fxe5 {[%emt 0:00:07]} 44. Nb5 {[%emt 0:00:33]} Na8 {[%emt 0:00:11]} 45. Kf1 {[%emt 0:00:06]} Kg5 {[%emt 0:00:49]} 46. Ke2 {[%emt 0:00:07]} h4 {[%emt 0:00:46]} 47. Ke3 {[%emt 0:00:15]} h3 {[%emt 0:00:19]} 48. Ke4 {[%emt 0:00:19]} Kf6 {[%emt 0:00:08]} 49. Kd5 {[%emt 0:00:37]} Kf5 {[%emt 0:00:38]} 50. Nd6+ {[%emt 0:00:22]} Kf6 {[%emt 0:00:06]} 51. Kc6 {[%emt 0:00:08]} Ke6 {[%emt 0:00:18]} 52. Nc4 {[%emt 0:00:21]} Kf5 {[%emt 0:00:32]} 53. Kb7 {[%emt 0:00:16]} Ke4 {[%emt 0:00:06]} 54. Kxa8 {[%emt 0:00:17]} Kf3 {[%emt 0:00:20]} 55. Nxe5+ {[%emt 0:00:04]} Kxf2 {[%emt 0:00:04]} 56. Nxg4+ {[%emt 0:00:06]} Kf3 {[%emt 0:00:04]} 57. Kb8 {[%emt 0:00:07]} Kxg4 {[%emt 0:00:09]} 58. a8=Q {[%emt 0:00:02]} 1-0

[Event "Nordic-chT Scholastic 2019"]
[Site "Stockholm"]
[Date "2019.09.08"]
[Round "5.7"]
[White "Kraemmer, Kischichiro"]
[Black "Stromgard, Martin"]
[Result "0-1"]
[WhiteElo "1591"]
[BlackElo "1648"]
[Annotator "NA"]
[PlyCount "70"]
[EventDate "2019.09.05"]
[EventType "team-tourn"]
[EventCountry "SWE"]
[SourceTitle "playchess.com"]
[Source "ChessBase"]
[SourceQuality "1"]
[TimeControl "5400+30"]

1. d4 {[%emt 0:00:00]} d5 {[%emt 0:00:00]} 2. Nf3 {[%emt 0:00:30]} c5 {[%emt 0:00:30]} 3. e3 {[%emt 0:00:30]} Nc6 {[%emt 0:00:30]} 4. c4 {[%emt 0:00:30]} Bg4 {[%emt 0:00:30]} 5. Be2 {[%emt 0:00:30]} cxd4 {[%emt 0:00:30]} 6. Nxd4 {[%emt 0:00:30]} Bxe2 {[%emt 0:00:30]} 7. Kxe2 {[%emt 0:00:30]} dxc4 {[%emt 0:00:30]} 8. Nxc6 {[%emt 0:00:30]} bxc6 {[%emt 0:00:30]} 9. Qxd8+ {[%emt 0:00:30]} Kxd8 {[%emt 0:51:36]} 10. Bd2 {[%emt 0:13:55]} Rb8 {[%emt 0:03:44]} 11. Bc3 {[%emt 0:00:26]} e6 {[%emt 0:02:25]} 12. Nd2 {[%emt 0:00:37]} Ne7 {[%emt 0:03:03]} 13. Nxc4 {[%emt 0:00:47]} Nd5 {[%emt 0:00:59]} 14. Rhd1 {[%emt 0:00:34]} Kc8 {[%emt 0:01:03]} 15. Be5 {[%emt 0:08:24]} Rb7 {[%emt 0:00:41]} 16. Rac1 {[%emt 0:06:16]} Rd7 {[%emt 0:13:12]} 17. Na5 {[%emt 0:08:04]} c5 {[%emt 0:00:22]} 18. Nb3 {[%emt 0:00:11]} f6 {[%emt 0:04:39]} 19. Nxc5 {[%emt 0:01:42]} Bxc5 {[%emt 0:01:30]} 20. Rxc5+ {[%emt 0:00:12]} Kb7 {[%emt 0:00:17]} 21. e4 {[%emt 0:05:03]} Kb6 {[%emt 0:02:58]} 22. Bd4 {[%emt 0:07:02]} Nf4+ {[%emt 0:00:12]} 23. Kf3 {[%emt 0:00:14]} Rxd4 {[%emt 0:00:20]} 24. Rdc1 {[%emt 0:01:46]} Nd3 {[%emt 0:00:21]} 25. Rc6+ {[%emt 0:00:12]} Kb5 {[%emt 0:00:09]} 26. Rc8 {[%emt 0:04:53]} Nxc1 {[%emt 0:04:15]} 27. Rxh8 {[%emt 0:00:24]} Rd3+ {[%emt 0:00:53]} 28. Kg4 {[%emt 0:00:42]} Rd2 {[%emt 0:00:13]} 29. Kf3 {[%emt 0:00:27]} h6 {[%emt 0:00:42]} 30. Rb8+ {[%emt 0:03:48]} Ka6 31. Rb4 {[%emt 0:18:25]} Nd3 {[%emt 0:03:21]} 32. Ra4+ {[%emt 0:00:44]} Kb6 {[%emt 0:00:34]} 33. Ke3 {[%emt 0:00:29]} Nxb2 {[%emt 0:00:06]} 34. Rb4+ {[%emt 0:01:04]} Kc5 {[%emt 0:00:06]} 35. Rb3 {[%emt 0:00:31]} Nc4+ {[%emt 0:00:18] Kd4+} 0-1